Guess the Movie - Character Drawings #1 - Statistics

General Stats
  • This quiz has been taken 97 times
  • The average score is 7 of 10
Answer Stats
Picture Answer % Correct
Spider-Man
99%
Harry Potter Series
90%
Superman
89%
Dracula
86%
Catwoman
82%
Rocky
74%
The Matrix
67%
Mr. Bean's Holiday
59%
Blade
53%
Astro Boy
36%
No matching quizzes found
Score Distribution
Percent of People with Each Score
Percentile by Number Answered
Your Score History
You have not taken this quiz